• 首页
  • 本馆介绍
  • 公告通知
  • 最新文献
  • 馆藏检索
  • 电子资源
  • 读者导购
  • 参考咨询
  • 我的图书馆
  • 登录
  • 详细信息显示
  • 放入我的书架
  • 预约/预借图书
  • 作者相关作品
  • 分类相关作品
  • 丛书相关作品
  • 出版社相关作品

书目信息

  • 表格格式
  • 工作单格式
  • 卡片格式
题名:
当代科学实在论
    
 
作者: 郭贵春 著
分册:  
出版信息: 北京   科学出版社  1991
页数: 269页
开本: 32开
丛书名: 科学文化书系
单 册:
中图分类: N03
科图分类:
主题词: 自然科学--科学方法论
电子资源:
ISBN: 7-03-002426-5
000 00602nam0 2200217 45
001 0106080947
005 20031219104050.3
010    @a7-03-002426-5@dCNY7.40
100    @a20010608d1991 km y0chiy0120 ea
101 0  @achi
105    @a z 000yy
200 1  @a当代科学实在论@ADang Dai Ke Xue Shi Zai Lun@f郭贵春著@FGuo Gui Chun Zhu
210    @a北京@c科学出版社@d1991
215    @a269页@d32开
225    @a科学文化书系
410    @12001 @a科学文化书系
606 0  @a自然科学@x科学方法论
690    @aN03@v4
701    @a郭贵春@4著
801    @aCN@bTSTC@c20010608
905    @f3@b298137-139@dN03@e101
    
    当代科学实在论/郭贵春著.-北京:科学出版社,1991
    269页;32开.-(科学文化书系)
    
    
    ISBN 7-03-002426-5:CNY7.40
    
●
相关链接 在E读中查询图书 在五车中查询图书 在当当中查询图书 在豆瓣中查询图书


正题名:当代科学实在论     索取号:N03/101         预约/预借

序号 登录号 条形码 馆藏地/架位号 状态 备注
1 0298137   202981372   第三借阅区/ [索取号:N03/101] 在馆    
2 0298138   202981381   第三借阅区/ [索取号:N03/101] 在馆    
3 0298139   202981390   第二样本阅览室/ [索取号:N03/101] 在馆    
唐山师范学院图书馆 欢迎您!
大连网信软件有限公司© 版权所有